| 000 | 00661nam a2200181Ia 4500 | ||
|---|---|---|---|
| 008 | 100921s9999 xx 000 0 und d | ||
| 082 |
_b30088 _a891.463 0 |
||
| 100 | _aगार्डनर अर्ल स्टॅनले,अनु, भावे अपर्णा. | ||
| 245 | _aछुपा रूस्तुम. | ||
| 260 |
_bस्वप्न प्रकाशन, पुणे. _c0 |
||
| 300 |
_a176 _b--- |
||
| 365 | _b150 | ||
| 520 | _aललित-कादंबरी. | ||
| 630 | _aछुपा रूस्तुम. | ||
| 650 | _aललित-कादंबरी. | ||
| 730 | _aछुपा रूस्तुम. | ||
| 942 | _cBOOK | ||
| 999 |
_c779201 _d779198 |
||